logo

Bir Sreshtho Munshi Abdur Rouf Library
Jhenaidah Cadet College

A sociological Profile of Islam / (Record no. 6403)

MARC details
000 -LEADER
fixed length control field 00509nam a2200205 a 4500
001 - CONTROL NUMBER
JCCL Control Number 6403
003 - CONTROL NUMBER IDENTIFIER
JCCL marc code BD-JhCC
005 - DATE AND TIME OF LATEST TRANSACTION
control field 20180122190627.0
008 - FIXED-LENGTH DATA ELEMENTS--GENERAL INFORMATION
fixed length control field 180122s1979 bg |||| |||| 000 0 eng d
035 ## - SYSTEM CONTROL NUMBER
system control number (BD-JhCC)
040 ## - CATALOGING SOURCE
Original cataloging agency BD-JhCC
Modifying agency BD-JhCC
041 ## - LANGUAGE CODE
Language code of Book eng
082 ## - DEWEY DECIMAL CLASSIFICATION NUMBER
Classification number 297.2
Author mark and Year AKR 1979
100 ## - MAIN ENTRY--PERSONAL NAME
Personal name Akramuzzaman
245 ## - TITLE STATEMENT
Title A sociological Profile of Islam /
Statement of responsibility, etc Prof. Akramuzzaman
260 ## - PUBLICATION, DISTRIBUTION, ETC. (IMPRINT)
Place of publication, distribution, etc Dhaka:
Name of publisher, distributor, etc Islamic Foundation;
Date of publication, distribution, etc 1979
300 ## - PHYSICAL DESCRIPTION
Pagination 125 p;,
Dimensions 22 cm
650 ## - SUBJECT ADDED ENTRY--TOPICAL TERM
Topical term or geographic name as entry element Islam
942 ## - ADDED ENTRY ELEMENTS (KOHA)
Source of classification or shelving scheme Dewey Decimal Classification
Koha item type Books
Holdings
Source of classification or shelving scheme Damaged status Not for loan Home library Current library Shelving location Date of accession Total Checkouts Full call number Barcode Date last seen Copy number Koha item type
Dewey Decimal Classification     JCC Rouf Library JCC Rouf Library General Stacks 01/22/2018   297.2 AKR 1979 744 01/22/2018 C-1 Books

JCC Library | Contacts | JCC Home

Last Update on 23 September 2017
Copyright @ 2017-2020 JCC Rouf Library
Rouf Library, Jhenidah Cadet College (JCC), Bangladesh